000 00622nam a2200217 a 4500
001 BRCA_5824
005 20190320205229.0
008 110311s1883----gw-#######---#000-0#ger-#
041 _ager
044 _agw
050 4 _aND641
_b.B63 1883
100 1 _aBode, Wilhelm
_d1845-1929
_914673
245 1 0 _aStudien zur Geschichte der holländischen Malerei
_cvon Wilhelm Bode.
260 _aBraunschweig, Alemania
_bFriedrich Vieweg und Sohn
_c1883
300 _a646 p.
_c20 cm.
500 _aG34
650 1 4 _aPintura holandesa
_xHistoria
_914750
650 1 4 _aPintores holandeses
_914751
902 _aGFM
942 _2lcc
_cB
999 _c5513
_d5513